[Event "EU Ch U20"]
[Site "Arnhem NED"]
[Date "1988.??.??"]
[Round "12"]
[White "Lev, Ronen"]
[Black "Djurhuus, Rune"]
[Result "1-0"]
[WhiteElo "2390"]
[BlackElo "2305"]
[PlyCount "73"]
[EventDate "1988.12.??"]
[Source "www.chesslib.no"]
[SourceDate "2004.05.04"]

1. d4 Nf6 2. c4 g6 3. Nc3 Bg7 4. e4 d6 5. f3 O-O 6. Be3 e5 7. Nge2 Nc6 8. d5 Na5 9. b3 c5 10. Qd2 Ne8 11. g4 f5 12. gxf5 gxf5 13. exf5 Rxf5 14. Ng3 Rxf3 15. Be2 e4 16. Bxf3 exf3 17. O-O Bg4 18. Nce4 b6 19. Rae1 Be5 20. Bg5 Qd7 21. Bf4 Bd4+ 22. Be3 Be5 23. Kh1 Nb7 24. Bf4 Bd4 25. Be3 Be5 26. Ng5 Qg7 27. Ne6 Qf7 28. Bf4 Bf6 29. h3 Bxh3 30. Rxf3 Bg4 31. Rf2 Nd8 32. Bg5 Nxe6 33. Bxf6 N6g7 34. Qg5 Nxf6 35. Rxf6 Qd7 36. Rf4 h5 37. Re7 1-0

[Event "Luzern ol (Men)"]
[Site "Lucerne SUI"]
[Date "1982.??.??"]
[Round "4"]
[White "Kuligowski, Adam"]
[Black "Swanson, Stephen"]
[Result "0-1"]
[WhiteElo "2450"]
[BlackElo "2240"]
[PlyCount "108"]
[EventDate "1982.10.??"]
[Source "www.chesslib.no"]
[SourceDate "2004.05.04"]

1. d4 d6 2. e4 g6 3. c4 e5 4. Ne2 Bg7 5. Nbc3 Nc6 6. Be3 Nf6 7. f3 O-O 8. d5 Ne7 9. c5 Ne8 10. Qd2 dxc5 11. Bxc5 Nd6 12. O-O-O Bd7 13. g4 b6 14. Bf2 a5 15. h4 b5 16. Ng3 b4 17. Nce2 Nec8 18. Kb1 Nc4 19. Qc2 N8d6 20. Nc1 Nb6 21. Bc5 Na4 22. Be3 Qe7 23. h5 Rfb8 24. hxg6 fxg6 25. Ka1 Bf8 26. Rd2 Qf7 27. Rf2 Rb7 28. Be2 b3 29. Nxb3 Nxb2 30. Nc5 Rb4 31. Rfh2 Nbc4 32. Rxh7 Qxh7 33. Rxh7 Nxe3 34. Qc1 Kxh7 35. Nxd7 Nec4 36. Qg5 Bg7 37. Qc1 Rd8 38. Nc5 Rdb8 39. Bd3 a4 40. Ne2 a3 41. Nc3 Rb2 42. Nb3 Rb4 43. Nb1 Rh2 44. Qc3 Ra4 45. Nc5 Ra5 46. Ne6 Ra4 47. Nxg7 Kxg7 48. f4 Rh3 49. fxe5 Nxe4 50. Qc2 Rxd3 51. Qxa4 Ned2 52. e6 Rf3 53. e7 Rf1 54. e8=N+ Kf8 0-1

[Event "CSR Ch"]
[Site "Bratislava SVK"]
[Date "1991.??.??"]
[Round "2"]
[White "Michenka, Jozef"]
[Black "Mrva, Martin"]
[Result "1-0"]
[WhiteElo "2300"]
[BlackElo "2390"]
[PlyCount "105"]
[EventDate "1991.??.??"]
[Source "www.chesslib.no"]
[SourceDate "2004.05.04"]

1. d4 Nf6 2. c4 g6 3. Nc3 Bg7 4. e4 d6 5. f3 O-O 6. Be3 e5 7. Nge2 Nbd7 8. Qd2 a6 9. d5 Ne8 10. Ng3 c6 11. Be2 f5 12. exf5 gxf5 13. Bg5 Ndf6 14. Nh5 c5 15. Nxg7 Nxg7 16. f4 e4 17. Nd1 Qe8 18. a4 Bd7 19. a5 Qg6 20. O-O Rae8 21. Ne3 Ng4 22. h3 Nxe3 23. Qxe3 h6 24. Bh4 Kh7 25. Kh2 Nh5 26. Ra3 Rf7 27. Rg1 Rg8 28. Rb3 Bc8 29. Rb6 Nf6 30. Kh1 Nd7 31. Rb3 Nf8 32. Be1 Qf6 33. Bh5 Ng6 34. g3 Qd4 35. Qxd4 cxd4 36. Rb6 Rfg7 37. Rf1 Rd8 38. Bb4 e3 39. Be2 Nh8 40. Rxd6 Rxd6 41. Bxd6 Rxg3 42. Kh2 Rg8 43. Bc5 Re8 44. Bxd4 Ng6 45. Bc3 Re4 46. Kg3 Bd7 47. h4 Ba4 48. h5 Nf8 49. Rg1 Bc2 50. Rc1 Bb3 51. Bd3 Nd7 52. Bxe4 fxe4 53. Bd4 1-0

[Event "Sevilla Open"]
[Site "Seville ESP"]
[Date "1993.??.??"]
[Round "8"]
[White "Garcia Padron, Jose"]
[Black "Palacios de la Prida, Ernesto"]
[Result "0-1"]
[WhiteElo "2445"]
[BlackElo "2245"]
[PlyCount "74"]
[EventDate "1993.01.??"]
[Source "www.chesslib.no"]
[SourceDate "2004.05.04"]

1. d4 g6 2. e4 Bg7 3. c4 Nc6 4. Ne2 d6 5. Be3 e5 6. Nbc3 Nf6 7. d5 Ne7 8. f3 O-O 9. g4 c5 10. Qd2 a6 11. Ng3 b5 12. cxb5 axb5 13. Bxb5 Ba6 14. O-O Bxb5 15. Nxb5 Ne8 16. Nc3 f5 17. gxf5 gxf5 18. Bg5 Bf6 19. exf5 Nxf5 20. Bh6 Nxh6 21. Qxh6 Bg5 22. Qe6+ Kh8 23. Rae1 Bd2 24. Re2 Nc7 25. Qh3 Bxc3 26. bxc3 Nxd5 27. Rd2 Nxc3 28. Qe6 Nb5 29. Rb1 Nd4 30. Rxd4 cxd4 31. Rb7 Qf6 32. Qd7 Qg6 33. a4 Rxf3 34. a5 Raf8 35. Qh3 Qd3 36. Qg4 Qd1+ 37. Kg2 Rf2+ 0-1

[Event "Hamar Open"]
[Site "Hamar"]
[Date "1983.??.??"]
[Round "7"]
[White "Berg, Klaus"]
[Black "Moen, Ole-Christian"]
[Result "1-0"]
[WhiteElo "2375"]
[BlackElo "2310"]
[PlyCount "80"]
[EventDate "1983.01.??"]
[Source "www.chesslib.no"]
[SourceDate "2004.05.04"]

1. c4 g6 2. Nc3 Bg7 3. d4 d6 4. e4 Nc6 5. Nge2 e5 6. Be3 Nf6 7. f3 O-O 8. Qd2 Nh5 9. d5 Ne7 10. g4 Nf6 11. Ng3 c5 12. O-O-O a6 13. h4 b5 14. h5 b4 15. Nce2 Bxg4 16. fxg4 Nxg4 17. hxg6 hxg6 18. Bh3 Nxe3 19. Qxe3 Ra7 20. Rdg1 Qa5 21. Kb1 b3 22. axb3 Qb4 23. Nf5 Nxf5 24. exf5 a5 25. Qc3 Qb6 26. Ng3 a4 27. Nh5 Bh6 28. Kc2 Qxb3+ 29. Qxb3 axb3+ 30. Kxb3 Be3 31. Rg2 Bd4 32. Kc2 Rb8 33. Kb1 Rba8 34. Kc2 Ra2 35. Rb1 Rb8 36. fxg6 Rbxb2+ 37. Rxb2 Rxb2+ 38. Kc1 Rb4 39. Nf6+ Kg7 40. Ne8+ Kg8 1-0

[Event "Groningen Open"]
[Site "Groningen NED"]
[Date "1994.??.??"]
[Round "1"]
[White "Truta, Srecko"]
[Black "Poldauf, Dirk"]
[Result "0-1"]
[WhiteElo "2260"]
[BlackElo "2425"]
[PlyCount "124"]
[EventDate "1994.12.??"]
[Source "www.chesslib.no"]
[SourceDate "2004.05.04"]

1. d4 Nf6 2. c4 g6 3. Nc3 Bg7 4. e4 d6 5. f3 O-O 6. Be3 e5 7. dxe5 dxe5 8. Qxd8 Rxd8 9. Nd5 Nxd5 10. cxd5 c6 11. Bc4 b5 12. Bb3 Bb7 13. Rd1 a5 14. Bb6 Rd7 15. Ne2 a4 16. dxc6 Bxc6 17. Bd5 Bxd5 18. exd5 a3 19. bxa3 Rxa3 20. Rc1 Bf8 21. Rc8 Na6 22. Nc3 Rxc3 23. Rxc3 Bb4 24. Kd2 Rxd5+ 25. Kc2 Bxc3 26. Kxc3 f5 27. Ra1 Rd6 28. Bf2 Kf7 29. a4 bxa4 30. Rxa4 Ke6 31. Rc4 Nb8 32. Rb4 Nd7 33. Kc2 h5 34. h4 Nf6 35. Rb6 Rxb6 36. Bxb6 Nd5 37. Bf2 Nf4 38. g3 Nd5 39. Kd3 Nf6 40. Bb6 e4+ 41. Ke2 Nd7 42. Bc7 Ne5 43. fxe4 fxe4 44. Ke3 Kf5 45. Bb8 Ng4+ 46. Ke2 Nf6 47. Bd6 Nd5 48. Bc5 Kg4 49. Bd6 Kh3 50. Kf2 Kg4 51. Ke2 Nf6 52. Ke3 Ng8 53. Kxe4 Nh6 54. Bb8 Nf5 55. Ke5 Kxg3 56. Kf6+ Kxh4 57. Kxg6 Kg4 58. Bh2 h4 59. Kf6 Nd4 60. Bc7 Ne2 61. Ke5 h3 62. Ke4 Ng3+ 0-1